00489 a2200145 4500003000500000038000600005082001000011100001500021245007500036260008000111300003200191500005700223563000600280856005700286NUST aa aBIT-6 aAbeer Khan aFerret active forensic analysis of windows based computerscAbeer Khan aIslamabad:bNUST School of Electrical Engineering & Computer Science,c2008 axii, 75 p. :bill. ;c27 cm aSupervisors : Dr. Fauzan Mirza, Dr. Syed Ali Khayam. aa uhttp://10.250.8.41:8080/xmlui/handle/123456789/11492